[Event "Quebec op"]
[Site "Montreal CAN"]
[Date "2013.07.21"]
[Round "1"]
[White "Corriveau, Philippe"]
[Black "Zhou, Qiyu"]
[Result "1-0"]
[WhiteElo "1994"]
[BlackElo "2160"]
[PlyCount "83"]
[GameId "2160767909296919"]
[EventDate "2013.07.21"]
[EventType "swiss"]
[EventRounds "9"]
[EventCountry "CAN"]
[SourceTitle "EXT 2022"]
[Source "ChessBase"]
[SourceDate "2021.10.06"]
[SourceVersion "1"]
[SourceVersionDate "2021.10.06"]
[SourceQuality "1"]

1. e4 c5 2. Nc3 Nc6 3. g3 g6 4. Bg2 Bg7 5. d3 e6 6. Be3 d6 7. Qd2 Nd4 8. Nd1 Qc7 9. c3 Nc6 10. h3 Bd7 11. Ne2 Nge7 12. O-O f5 13. d4 cxd4 14. cxd4 O-O 15. d5 Nd8 16. Rc1 Qb8 17. Bg5 Bf6 18. Bxf6 Rxf6 19. Qg5 Rf7 20. exf5 Nxf5 21. g4 Ng7 22. Ndc3 exd5 23. Nxd5 Nge6 24. Qh4 Bc6 25. f4 Kh8 26. f5 Nf8 27. Qg3 Kg8 28. h4 Nd7 29. fxg6 hxg6 30. Nef4 Ne5 31. h5 g5 32. Ng6 Ne6 33. Rxf7 Nxf7 34. Rf1 Qd8 35. Nde7+ Kg7 36. Bxc6 Qb6+ 37. Kh1 bxc6 38. Qf3 Nf4 39. Nxf4 gxf4 40. Qxf4 Ne5 41. Qg5+ Kh7 42. h6 1-0

[Event "Quebec op"]
[Site "Montreal CAN"]
[Date "2013.07.21"]
[Round "1"]
[White "Goldner, John"]
[Black "Libersan, Thierry"]
[Result "0-1"]
[WhiteElo "1903"]
[BlackElo "2059"]
[PlyCount "56"]
[GameId "2160767909296921"]
[EventDate "2013.07.21"]
[EventType "swiss"]
[EventRounds "9"]
[EventCountry "CAN"]
[SourceTitle "EXT 2022"]
[Source "ChessBase"]
[SourceDate "2021.10.06"]
[SourceVersion "1"]
[SourceVersionDate "2021.10.06"]
[SourceQuality "1"]

1. e4 c5 2. Nf3 e6 3. d4 cxd4 4. Nxd4 Nc6 5. Be3 Nf6 6. Nc3 Bb4 7. Bd3 d5 8. O-O Bxc3 9. bxc3 dxe4 10. Bb5 Bd7 11. f3 Nd5 12. Nf5 Nxe3 13. Nd6+ Ke7 14. Qd2 Nxf1 15. Kxf1 e3 16. Nf5+ exf5 17. Qxe3+ Be6 18. Re1 Re8 19. Qc5+ Qd6 20. Qxf5 Qxh2 21. Qg5+ Kf8 22. Qc5+ Kg8 23. Qg5 Kf8 24. Kf2 h6 25. Qc5+ Kg8 26. Bxc6 bxc6 27. Qxc6 Qh4+ 28. g3 Qh2+ 0-1

[Event "Quebec op"]
[Site "Montreal CAN"]
[Date "2013.07.21"]
[Round "1"]
[White "Khashper, Arkady"]
[Black "Yu, Wenlu"]
[Result "1-0"]
[WhiteElo "2121"]
[BlackElo "1991"]
[PlyCount "83"]
[GameId "2160767739316926"]
[EventDate "2013.07.21"]
[EventType "swiss"]
[EventRounds "9"]
[EventCountry "CAN"]

1. e4 c5 2. Nc3 d6 3. Nge2 g6 4. d4 cxd4 5. Nxd4 Bg7 6. Be3 Nf6 7. f3 O-O 8. Qd2 Nc6 9. O-O-O h5 10. Kb1 a6 11. h3 Bd7 12. g4 Rc8 13. Bh6 b5 14. Bxg7 Kxg7 15. gxh5 Nxh5 16. Nf5+ Bxf5 17. exf5 Ng3 18. fxg6 Nxh1 19. gxf7 Kxf7 20. Ne4 Qd7 21. h4 Ke8 22. Qh2 Rxf3 23. Qxh1 Ne5 24. Bg2 Re3 25. Qg1 Qg4 26. Qh1 Rc4 27. Nc3 Qxh4 28. Qg1 Ng4 29. Bd5 Rc5 30. a3 Re5 31. Be4 Rg5 32. Qd4 Qh6 33. Bb7 Qf6 34. Qb4 Ne3 35. Rc1 Nc4 36. Ne4 Qd4 37. Nxg5 a5 38. Nf3 Qe3 39. Qe1 Nxa3+ 40. bxa3 Qxa3 41. Nd4 Rc3 42. Nc6 {Here, both players noted 42..Kd8. (???)} 1-0

[Event "Quebec op"]
[Site "Montreal CAN"]
[Date "2013.07.21"]
[Round "1"]
[White "Kleinman, Michael"]
[Black "Sokolov, Ivan"]
[Result "0-1"]
[WhiteElo "2298"]
[BlackElo "2650"]
[PlyCount "72"]
[GameId "2160767909296922"]
[EventDate "2013.07.21"]
[EventType "swiss"]
[EventRounds "9"]
[EventCountry "CAN"]
[SourceTitle "EXT 2014"]
[Source "ChessBase"]
[SourceDate "2013.11.20"]
[SourceVersion "1"]
[SourceVersionDate "2013.11.20"]
[SourceQuality "1"]

1. e4 e5 2. Nf3 Nc6 3. Bb5 a6 4. Ba4 Nf6 5. O-O Be7 6. Re1 b5 7. Bb3 d6 8. c3 O-O 9. h3 Nb8 10. d4 Nbd7 11. Nbd2 Bb7 12. Bc2 Re8 13. Nf1 Bf8 14. Ng3 g6 15. b3 c6 16. Bg5 Bg7 17. Qd2 Qc7 18. a4 Nf8 19. Bd3 Ne6 20. Be3 Nd7 21. Ra2 b4 22. dxe5 bxc3 23. Qxc3 Nxe5 24. Nxe5 Bxe5 25. Qc1 c5 26. Ne2 d5 27. exd5 Bxd5 28. Bc4 Bb7 29. Rd2 Qb6 30. Red1 Rac8 31. Qc2 Re7 32. Kf1 Rce8 33. Bd5 Bd4 34. Nxd4 cxd4 35. Bxd4 Nxd4 36. Rxd4 Qxd4 0-1

[Event "Quebec op"]
[Site "Montreal CAN"]
[Date "2013.07.21"]
[Round "1"]
[White "Lopez Linares, Lizandro"]
[Black "Sprumont, Oscar"]
[Result "1/2-1/2"]
[WhiteElo "2095"]
[BlackElo "1953"]
[PlyCount "41"]
[GameId "2160767909296924"]
[EventDate "2013.07.21"]
[EventType "swiss"]
[EventRounds "9"]
[EventCountry "CAN"]
[SourceTitle "EXT 2022"]
[Source "ChessBase"]
[SourceDate "2021.10.06"]
[SourceVersion "1"]
[SourceVersionDate "2021.10.06"]
[SourceQuality "1"]

1. d4 Nf6 2. Nf3 g6 3. Bf4 Bg7 4. e3 c5 5. c3 b6 6. Nbd2 O-O 7. h3 d6 8. Be2 Qd7 9. O-O Ba6 10. Re1 Bxe2 11. Qxe2 Nc6 12. Rad1 Qb7 13. Bh2 Rac8 14. a3 Rfd8 15. e4 cxd4 16. cxd4 Nd7 17. e5 dxe5 18. dxe5 Nc5 19. Nb1 Ne6 20. Rxd8+ Rxd8 21. Nc3 1/2-1/2

[Event "Quebec op"]
[Site "Montreal CAN"]
[Date "2013.07.21"]
[Round "1"]
[White "Perez Garcia, Rodney Oscar"]
[Black "Tessier, Olivier"]
[Result "1-0"]
[WhiteElo "2364"]
[BlackElo "2106"]
[PlyCount "67"]
[GameId "2160767909296925"]
[EventDate "2013.07.21"]
[EventType "swiss"]
[EventRounds "9"]
[EventCountry "CAN"]
[SourceTitle "EXT 2014"]
[Source "ChessBase"]
[SourceDate "2013.11.20"]
[SourceVersion "1"]
[SourceVersionDate "2013.11.20"]
[SourceQuality "1"]

1. e4 c5 2. Nf3 Nf6 3. e5 Nd5 4. d4 cxd4 5. Qxd4 e6 6. c3 Nc6 7. Qe4 f5 8. Qe2 d6 9. g3 Qc7 10. exd6 Bxd6 11. Bg2 O-O 12. O-O a6 13. Rd1 Nf6 14. Nbd2 b5 15. a4 Rb8 16. axb5 axb5 17. Nb3 e5 18. Be3 e4 19. Nfd4 Nxd4 20. Nxd4 Bd7 21. Qd2 Ra8 22. Rxa8 Rxa8 23. Bg5 Kh8 24. Bxf6 gxf6 25. Bh3 Bc5 26. Bxf5 e3 27. fxe3 Bxf5 28. Nxf5 Re8 29. Qd7 Qxd7 30. Rxd7 Bxe3+ 31. Nxe3 Rxe3 32. Rd5 b4 33. Kf2 Re4 34. Rd4 1-0

[Event "Quebec op"]
[Site "Montreal CAN"]
[Date "2013.07.21"]
[Round "1"]
[White "Robidas, Francois"]
[Black "Gates, David"]
[Result "1-0"]
[WhiteElo "2020"]
[BlackElo "1725"]
[PlyCount "55"]
[GameId "2160767909296926"]
[EventDate "2013.07.21"]
[EventType "swiss"]
[EventRounds "9"]
[EventCountry "CAN"]
[SourceTitle "EXT 2022"]
[Source "ChessBase"]
[SourceDate "2021.10.06"]
[SourceVersion "1"]
[SourceVersionDate "2021.10.06"]
[SourceQuality "1"]

1. e4 c6 2. d4 d5 3. Nc3 dxe4 4. Nxe4 Bf5 5. Ng3 Bg6 6. Nf3 Nd7 7. h4 h6 8. h5 Bh7 9. Bd3 Bxd3 10. Qxd3 e6 11. Bf4 Ngf6 12. O-O-O Be7 13. Kb1 O-O 14. c4 Ng4 15. Qe2 Ngf6 16. Ne5 Re8 17. Qf3 Qa5 18. Rh3 Rad8 19. Ne2 Nxe5 20. Bxe5 Nd7 21. Bf4 Nb6 22. Rg3 Qf5+ 23. Rd3 Kh7 24. b3 Bf6 25. Be5 Bxe5 26. dxe5 Qxe5 27. Qxf7 Rxd3 28. Qg6+ 1-0

[Event "Quebec op"]
[Site "Montreal CAN"]
[Date "2013.07.21"]
[Round "1"]
[White "Sulskis, Sarunas"]
[Black "Piasetski, Leon"]
[Result "1-0"]
[WhiteElo "2559"]
[BlackElo "2279"]
[PlyCount "79"]
[GameId "2160767909296928"]
[EventDate "2013.07.21"]
[EventType "swiss"]
[EventRounds "9"]
[EventCountry "CAN"]
[SourceTitle "EXT 2014"]
[Source "ChessBase"]
[SourceDate "2013.11.20"]
[SourceVersion "1"]
[SourceVersionDate "2013.11.20"]
[SourceQuality "1"]

1. c4 Nf6 2. Nc3 c5 3. Nf3 Nc6 4. d4 cxd4 5. Nxd4 g6 6. e4 Nxd4 7. e5 d6 8. exf6 e5 9. Be3 Nf5 10. c5 a6 11. Bc4 Nxe3 12. fxe3 Bh6 13. Qxd6 Qxd6 14. cxd6 Bxe3 15. Nd5 Bd4 16. Nc7+ Kd7 17. Nxa8 Kxd6 18. O-O-O Bf5 19. Nb6 Kc5 20. Rxd4 exd4 21. Bxf7 Kxb6 22. Bb3 Rf8 23. f7 g5 24. Kd2 Kc6 25. Re1 Bg6 26. Re5 g4 27. Rg5 d3 28. Rxg4 Kd6 29. a4 a5 30. Rg5 b6 31. h4 Ke7 32. h5 Bxf7 33. Rg7 Kf6 34. Rxf7+ Rxf7 35. Bxf7 Kxf7 36. Kxd3 Kf6 37. Kc4 Kg5 38. Kb5 Kxh5 39. Kxb6 Kg4 40. Kxa5 1-0

[Event "Quebec op"]
[Site "Montreal CAN"]
[Date "2013.07.21"]
[Round "1"]
[White "Tremblay, Alain"]
[Black "De Lagrave, Sylvain"]
[Result "1/2-1/2"]
[WhiteElo "2095"]
[BlackElo "1921"]
[PlyCount "54"]
[GameId "2160767909296929"]
[EventDate "2013.07.21"]
[EventType "swiss"]
[EventRounds "9"]
[EventCountry "CAN"]
[SourceTitle "EXT 2022"]
[Source "ChessBase"]
[SourceDate "2021.10.06"]
[SourceVersion "1"]
[SourceVersionDate "2021.10.06"]
[SourceQuality "1"]

1. Nf3 c5 2. c4 Nc6 3. Nc3 g6 4. g3 Bg7 5. Bg2 d6 6. O-O e5 7. d3 Nge7 8. a3 Kf8 9. Rb1 f5 10. Ne1 Rb8 11. Nc2 Be6 12. Ne3 Qd7 13. Ned5 h6 14. b4 b6 15. Bd2 g5 16. b5 Nd8 17. Nxe7 Qxe7 18. Nd5 Qd7 19. e3 Bf7 20. Bc3 Ne6 21. f4 Bg6 22. a4 gxf4 23. gxf4 exf4 24. Bxg7+ Qxg7 25. Nxf4 Nxf4 26. Rxf4 Qe5 27. Bd5 Bf7 1/2-1/2

[Event "Quebec op"]
[Site "Montreal CAN"]
[Date "2013.07.21"]
[Round "1"]
[White "Vera, Reynaldo"]
[Black "Villavieja, Butch"]
[Result "1-0"]
[WhiteElo "2462"]
[BlackElo "2211"]
[PlyCount "145"]
[GameId "2160767909296930"]
[EventDate "2013.07.21"]
[EventType "swiss"]
[EventRounds "9"]
[EventCountry "CAN"]
[SourceTitle "EXT 2014"]
[Source "ChessBase"]
[SourceDate "2013.11.20"]
[SourceVersion "1"]
[SourceVersionDate "2013.11.20"]
[SourceQuality "1"]

1. d4 Nf6 2. Nf3 g6 3. c4 Bg7 4. Nc3 O-O 5. e4 d6 6. Be2 e5 7. O-O Nc6 8. d5 Ne7 9. Ne1 Ne8 10. Be3 f5 11. f3 f4 12. Bf2 h5 13. c5 g5 14. a4 Rf6 15. cxd6 cxd6 16. a5 Bd7 17. Bb5 Rg6 18. Bxd7 Qxd7 19. Qa4 Qc8 20. Kh1 g4 21. Bg1 Bf8 22. Nb5 a6 23. Na3 Rg7 24. Nc4 gxf3 25. Rxf3 Qg4 26. Nb6 Rd8 27. Rc1 Ng6 28. Bf2 Nf6 29. Qc2 Qg5 30. Rc3 Nh4 31. Bxh4 Qxh4 32. Nf3 Qg4 33. Re1 h4 34. h3 Qh5 35. Nc4 Qh7 36. Ncd2 Nh5 37. Nf1 Nf6 38. b4 Rdd7 39. N1d2 Rg6 40. Re2 Rdg7 41. Rc8 Rf7 42. Nf1 Rgg7 43. Rc4 Kh8 44. Rc8 Rg8 45. Qc4 Rfg7 46. N1d2 Nh5 47. Nf1 Ng3+ 48. Nxg3 Rxg3 49. Rc2 Qh5 50. Qd3 Qh7 51. R8c7 Qg6 52. Qe2 Qh5 53. Qf1 Qg6 54. Re2 Qe8 55. Ra2 Qg6 56. Qe2 Qe8 57. Qd3 Qg6 58. Qe2 Qe8 59. Qd1 Qg6 60. Nxh4 Qg5 61. Nf3 Qh5 62. Rxb7 R8g6 63. Rb8 Kg8 64. Qf1 Qh7 65. Rc2 Rh6 66. Rxf8+ Kxf8 67. Rc8+ Ke7 68. Rc7+ Kf6 69. Rxh7 Rxh7 70. Qxa6 Rd7 71. Qc6 Ke7 72. b5 Rg8 73. b6 1-0

[Event "Quebec op"]
[Site "Montreal CAN"]
[Date "2013.07.21"]
[Round "1"]
[White "Zhong, Joey"]
[Black "Nikulich, Oleksandr"]
[Result "0-1"]
[WhiteElo "2000"]
[BlackElo "2093"]
[PlyCount "40"]
[GameId "2160767909296931"]
[EventDate "2013.07.21"]
[EventType "swiss"]
[EventRounds "9"]
[EventCountry "CAN"]
[SourceTitle "EXT 2022"]
[Source "ChessBase"]
[SourceDate "2021.10.06"]
[SourceVersion "1"]
[SourceVersionDate "2021.10.06"]
[SourceQuality "1"]

1. e4 e5 2. Nf3 Nc6 3. Bb5 a6 4. Ba4 Nf6 5. d3 b5 6. Bb3 Bc5 7. O-O d6 8. c3 Bg4 9. h3 Bh5 10. Re1 Qc8 11. a4 Rb8 12. axb5 axb5 13. Nbd2 h6 14. Nf1 g5 15. Ng3 Bg6 16. d4 Bb6 17. Bd5 Qd7 18. Bxc6 Qxc6 19. dxe5 Nxe4 20. exd6 Bxf2+ 0-1

[Event "Quebec op"]
[Site "Montreal CAN"]
[Date "2013.07.21"]
[Round "2"]
[White "Barre, Michel"]
[Black "Fu, James"]
[Result "0-1"]
[WhiteElo "1908"]
[BlackElo "2257"]
[PlyCount "70"]
[GameId "2160767909296933"]
[EventDate "2013.07.21"]
[EventType "swiss"]
[EventRounds "9"]
[EventCountry "CAN"]
[SourceTitle "hb 2013"]

1. e4 Nc6 2. Nf3 d6 3. d4 g6 4. Be3 Bg7 5. Qd2 Nf6 6. Nc3 Ng4 7. Bc4 Nxe3 8. fxe3 a6 9. a4 Bg4 10. O-O O-O 11. Rf2 e5 12. Raf1 Kh8 13. d5 Nb8 14. Ne1 Kg8 15. Be2 Bxe2 16. Qxe2 Nd7 17. Nd3 Nf6 18. Rf3 Qe7 19. h3 h5 20. Qf2 Nh7 21. Qe1 Bh6 22. h4 Bg7 23. Qf2 Qd7 24. Ne1 b5 25. b3 b4 26. Ne2 Rac8 27. Nd3 a5 28. Nb2 Qg4 29. c4 Qxe4 30. Rxf7 Nf6 31. Rxf8+ Rxf8 32. Nd1 Ng4 33. Qg3 Rxf1+ 34. Kxf1 Qd3 35. Qe1 Qxb3 0-1

[Event "Quebec op"]
[Site "Montreal CAN"]
[Date "2013.07.21"]
[Round "2"]
[White "Beaulieu, Pierre"]
[Black "Cardin, Guillaume"]
[Result "0-1"]
[WhiteElo "1954"]
[BlackElo "2050"]
[PlyCount "76"]
[GameId "2160767909296934"]
[EventDate "2013.07.21"]
[EventType "swiss"]
[EventRounds "9"]
[EventCountry "CAN"]
[SourceTitle "hb 2013"]

1. b3 e5 2. Bb2 Nc6 3. e3 Nf6 4. Bb5 Bd6 5. Nc3 O-O 6. Nf3 a6 7. Be2 b5 8. a3 Re8 9. d3 Bb7 10. Nd2 Bf8 11. Bf3 d5 12. e4 Nd4 13. O-O c6 14. Re1 Qc7 15. g3 Nxf3+ 16. Qxf3 Bc8 17. Qg2 Bc5 18. Kh1 Ng4 19. Nd1 d4 20. h3 Nh6 21. f3 Be6 22. Rf1 Qd7 23. Kh2 Bd6 24. Nf2 c5 25. Rh1 Rec8 26. Ng4 Nxg4+ 27. hxg4 f6 28. Qe2 Rab8 29. Ra2 Qc7 30. c3 c4 31. bxc4 bxc4 32. Nxc4 Bxc4 33. dxc4 Qxc4 34. Qxc4+ Rxc4 35. Rc1 Rbc8 36. Rd1 Bc5 37. cxd4 Rc2+ 38. Kh3 Bxd4 0-1

[Event "Quebec op"]
[Site "Montreal CAN"]
[Date "2013.07.21"]
[Round "2"]
[White "Bouchard, Jean-Marc"]
[Black "Enkh-Amar, Galbadrakh"]
[Result "1/2-1/2"]
[WhiteElo "1873"]
[BlackElo "2145"]
[PlyCount "68"]
[GameId "2160767909296935"]
[EventDate "2013.07.21"]
[EventType "swiss"]
[EventRounds "9"]
[EventCountry "CAN"]
[SourceTitle "EXT 2022"]
[Source "ChessBase"]
[SourceDate "2021.10.06"]
[SourceVersion "1"]
[SourceVersionDate "2021.10.06"]
[SourceQuality "1"]

1. Nf3 Nf6 2. g3 c5 3. Bg2 e6 4. O-O Be7 5. c4 O-O 6. Nc3 d6 7. d4 cxd4 8. Nxd4 a6 9. e4 Qc7 10. Qe2 Nc6 11. Nxc6 bxc6 12. Be3 Rb8 13. Rac1 e5 14. h3 Qa5 15. Rfd1 Be6 16. b3 Rfd8 17. Kh2 h6 18. f4 exf4 19. Bxf4 Qh5 20. Qxh5 Nxh5 21. Be3 Bf6 22. Bf3 Bxc3 23. Rxc3 Nf6 24. Bf4 Ne8 25. Rcd3 a5 26. Bxd6 Nxd6 27. Rxd6 Rxd6 28. Rxd6 c5 29. g4 Kf8 30. Kg3 Ke7 31. Rd3 Kf6 32. Kf4 g5+ 33. Ke3 Ke5 34. Rd2 a4 1/2-1/2

[Event "Quebec op"]
[Site "Montreal CAN"]
[Date "2013.07.21"]
[Round "2"]
[White "Chirila, Ioan Christian"]
[Black "Perez Garcia, Rodney Oscar"]
[Result "1/2-1/2"]
[WhiteElo "2528"]
[BlackElo "2364"]
[PlyCount "64"]
[GameId "2160767909296936"]
[EventDate "2013.07.21"]
[EventType "swiss"]
[EventRounds "9"]
[EventCountry "CAN"]
[SourceTitle "EXT 2014"]
[Source "ChessBase"]
[SourceDate "2013.11.20"]
[SourceVersion "1"]
[SourceVersionDate "2013.11.20"]
[SourceQuality "1"]

1. d4 d5 2. c4 c6 3. cxd5 cxd5 4. Bf4 Nc6 5. e3 Nf6 6. Nc3 a6 7. Bd3 Bg4 8. Nge2 e6 9. O-O Bd6 10. f3 Bh5 11. Rc1 Bg6 12. Bxd6 Qxd6 13. Nf4 Rc8 14. Na4 O-O 15. Qd2 e5 16. dxe5 Nxe5 17. Bxg6 hxg6 18. b3 g5 19. Nd3 g4 20. Nxe5 Qxe5 21. f4 Qe7 22. Nc3 Rfe8 23. Rfe1 Rc6 24. Rcd1 Re6 25. Qd4 Rxe3 26. Rxe3 Qxe3+ 27. Qxe3 Rxe3 28. Nxd5 Nxd5 29. Rxd5 Re2 30. Rd8+ Kh7 31. Rd7 Rxa2 32. Rxb7 f5 1/2-1/2

[Event "Quebec op"]
[Site "Montreal CAN"]
[Date "2013.07.21"]
[Round "2"]
[White "Kiewra, Keaton F"]
[Black "Sulskis, Sarunas"]
[Result "0-1"]
[WhiteElo "2422"]
[BlackElo "2559"]
[PlyCount "112"]
[GameId "2160767909296938"]
[EventDate "2013.07.21"]
[EventType "swiss"]
[EventRounds "9"]
[EventCountry "CAN"]
[SourceTitle "EXT 2014"]
[Source "ChessBase"]
[SourceDate "2013.11.20"]
[SourceVersion "1"]
[SourceVersionDate "2013.11.20"]
[SourceQuality "1"]

1. e4 e5 2. Nf3 Nc6 3. Bb5 Nf6 4. O-O Nxe4 5. Re1 Nd6 6. Nxe5 Be7 7. Bf1 O-O 8. d4 Nxe5 9. Rxe5 Ne8 10. d5 d6 11. Re1 Nf6 12. Be3 Ng4 13. Bd4 Bf6 14. Nc3 Bd7 15. h3 Bxd4 16. Qxd4 Qf6 17. Rad1 Qxd4 18. Rxd4 Nf6 19. f4 Rfe8 20. Rxe8+ Rxe8 21. Rb4 Bc8 22. Rc4 Re7 23. Bd3 a6 24. Kf2 h6 25. a4 b6 26. a5 Bb7 27. Rb4 b5 28. Rd4 Kf8 29. g4 g5 30. Be2 gxf4 31. Bf3 Re5 32. h4 h5 33. g5 Ng4+ 34. Bxg4 hxg4 35. Rxf4 Bxd5 36. Rxg4 Be6 37. Rf4 Bf5 38. h5 Bxc2 39. g6 Bf5 40. Ne2 fxg6 41. hxg6 Kg7 42. Nd4 Kxg6 43. Nc6 Re4 44. Kf3 Re8 45. Kf2 Be4 46. Nd4 c5 47. Ne2 b4 48. Ke3 d5 49. Rf2 Bf5+ 50. Kd2 Kg5 51. Ng3 Bg6 52. Rg2 Kf6 53. Ne2 Re4 54. Rf2+ Ke5 55. Rf8 Rc4 56. Rg8 Be4 0-1

[Event "Quebec op"]
[Site "Montreal CAN"]
[Date "2013.07.21"]
[Round "2"]
[White "Libersan, Thierry"]
[Black "Corriveau, Philippe"]
[Result "0-1"]
[WhiteElo "2059"]
[BlackElo "1994"]
[PlyCount "70"]
[GameId "2160767909296939"]
[EventDate "2013.07.21"]
[EventType "swiss"]
[EventRounds "9"]
[EventCountry "CAN"]
[SourceTitle "hb 2013"]

1. e4 e5 2. f4 exf4 3. Bc4 h6 4. Nf3 d6 5. d4 g5 6. O-O Bg7 7. g3 Bh3 8. Rf2 Ne7 9. gxf4 g4 10. Nh4 Bf6 11. Ng2 d5 12. Bb5+ Nec6 13. e5 Bh4 14. Nxh4 Qxh4 15. Qd3 a6 16. Bxc6+ Nxc6 17. c3 O-O-O 18. Qg3 Qe7 19. f5 h5 20. f6 Qe8 21. Bg5 h4 22. Bxh4 Rh5 23. Rf4 Qh8 24. b4 Rxh4 25. a4 Nb8 26. Nd2 Rh5 27. a5 Qh7 28. Nb3 Rf5 29. Nc5 Rxf4 30. Qxf4 g3 31. hxg3 Rh8 32. Qf3 Bf5 33. Qg2 b6 34. axb6 cxb6 35. Qxd5 Qh2+ 0-1

[Event "Quebec op"]
[Site "Montreal CAN"]
[Date "2013.07.21"]
[Round "2"]
[White "Luo, Zhao Yang"]
[Black "Lopez Linares, Lizandro"]
[Result "0-1"]
[WhiteElo "2008"]
[BlackElo "2095"]
[PlyCount "90"]
[GameId "2160767909296940"]
[EventDate "2013.07.21"]
[EventType "swiss"]
[EventRounds "9"]
[EventCountry "CAN"]
[SourceTitle "EXT 2022"]
[Source "ChessBase"]
[SourceDate "2021.10.06"]
[SourceVersion "1"]
[SourceVersionDate "2021.10.06"]
[SourceQuality "1"]

1. d4 c5 2. e3 cxd4 3. exd4 d5 4. Nf3 Nf6 5. Bd3 Bg4 6. O-O Nc6 7. c3 Qc7 8. Bg5 e6 9. Nbd2 Be7 10. Rc1 O-O 11. Qe1 Ne8 12. Qe3 Bd6 13. Rfe1 h6 14. Bxh6 gxh6 15. Ne5 Bxe5 16. dxe5 f5 17. Qxh6 Ng7 18. h3 Bh5 19. g4 Be8 20. Nf3 Qf7 21. Nh4 Ne7 22. Kh1 Ng6 23. Nf3 Ne7 24. Rg1 Qg6 25. Qh4 Qh7 26. gxf5 Qxh4 27. Nxh4 Nexf5 28. Bxf5 exf5 29. Rg5 Kh7 30. Rcg1 Ne6 31. Rxf5 Rxf5 32. Nxf5 Bh5 33. Nd4 Nxd4 34. cxd4 Rc8 35. Rg5 Kh6 36. Rf5 Rc4 37. Rf4 Kg5 38. Rf6 Rxd4 39. Kg2 Rf4 40. Rd6 Bf3+ 41. Kg3 Be4 42. e6 Rf3+ 43. Kg2 Kf6 44. Rd7 Kxe6 45. Rxb7 Rf7+ 0-1

[Event "Quebec op"]
[Site "Montreal CAN"]
[Date "2013.07.21"]
[Round "2"]
[White "Ma, Indy"]
[Black "Zhong, Joey"]
[Result "0-1"]
[WhiteElo "1733"]
[BlackElo "2000"]
[PlyCount "78"]
[GameId "2160767909296941"]
[EventDate "2013.07.21"]
[EventType "swiss"]
[EventRounds "9"]
[EventCountry "CAN"]
[SourceTitle "hb 2013"]

1. d4 Nf6 2. c4 g6 3. Nc3 Bg7 4. e4 d6 5. Nf3 O-O 6. Be2 e5 7. dxe5 dxe5 8. Qxd8 Rxd8 9. Bg5 Re8 10. Rd1 Na6 11. O-O Nc5 12. Nd5 Nxd5 13. exd5 Bg4 14. Bc1 e4 15. Nd4 Bxe2 16. Nxe2 Nd3 17. Nc3 Ne5 18. Nxe4 Nxc4 19. Nc3 c6 20. dxc6 bxc6 21. Rd7 Rab8 22. Rc7 Nxb2 23. Rxc6 Nd3 24. Ba3 Rbc8 25. Rxc8 Rxc8 26. Nd5 Rc2 27. Ne7+ Kh8 28. Rb1 Bd4 29. Rb8+ Kg7 30. Rg8+ Kh6 31. g4 Rxf2 32. Nf5+ Rxf5+ 33. Kg2 Rf2+ 34. Kh3 Nf4+ 35. Kg3 Ne2+ 36. Kh3 Kg5 37. Be7+ f6 38. Rb8 Be5 39. Bxf6+ Rxf6 0-1

[Event "Quebec op"]
[Site "Montreal CAN"]
[Date "2013.07.21"]
[Round "2"]
[White "Moradiabadi, Elshan"]
[Black "Ostrovskiy, Aleksandr"]
[Result "1/2-1/2"]
[WhiteElo "2551"]
[BlackElo "2403"]
[PlyCount "85"]
[GameId "2160767909296942"]
[EventDate "2013.07.21"]
[EventType "swiss"]
[EventRounds "9"]
[EventCountry "CAN"]
[SourceTitle "EXT 2014"]
[Source "ChessBase"]
[SourceDate "2013.11.20"]
[SourceVersion "1"]
[SourceVersionDate "2013.11.20"]
[SourceQuality "1"]

1. d4 d5 2. c4 c6 3. cxd5 cxd5 4. Bf4 Nc6 5. e3 Nf6 6. Nc3 a6 7. Bd3 e6 8. Nf3 Be7 9. Rc1 Nh5 10. Be5 Nxe5 11. dxe5 g6 12. h4 Ng7 13. Qb3 O-O 14. Ne2 Qa5+ 15. Kf1 f6 16. Bb1 fxe5 17. Nxe5 Bd6 18. Nf3 Bd7 19. Qc3 Qd8 20. Qd2 Qe7 21. e4 dxe4 22. Bxe4 Rad8 23. Qg5 Bb5 24. Qxe7 Bxe7 25. Ke1 Nf5 26. a3 Bf6 27. Nc3 Nd6 28. Nd2 Bd4 29. Bf3 Bd3 30. Rh3 Nc4 31. Nxc4 Bxc4 32. Nd1 Bd5 33. Bxd5 exd5 34. Rd3 Bf6 35. g3 Rfe8+ 36. Kd2 Rd7 37. Rc5 d4 38. Kc1 Kf7 39. b4 Re1 40. Kb2 Ke6 41. Kb3 Re2 42. a4 h5 43. b5 1/2-1/2

[Event "Quebec op"]
[Site "Montreal CAN"]
[Date "2013.07.21"]
[Round "2"]
[White "Nikulich, Oleksandr"]
[Black "Lebeau, Gilbert"]
[Result "1-0"]
[WhiteElo "2093"]
[BlackElo "2002"]
[PlyCount "51"]
[GameId "2160767909296943"]
[EventDate "2013.07.21"]
[EventType "swiss"]
[EventRounds "9"]
[EventCountry "CAN"]
[SourceTitle "hb 2013"]

1. Nf3 Nf6 2. c4 e6 3. g3 d5 4. b3 Be7 5. Bg2 c6 6. O-O O-O 7. d4 Ne4 8. Nfd2 f5 9. Bb2 Bf6 10. Nf3 c5 11. cxd5 exd5 12. Qc2 Na6 13. dxc5 Naxc5 14. Nbd2 Bd7 15. Nxe4 Bxb2 16. Nxc5 Bxa1 17. Nxd7 Rc8 18. Qd3 Qxd7 19. Rxa1 Qd6 20. Rd1 Kh8 21. Nh4 f4 22. Qxd5 Qf6 23. Rf1 Rc2 24. Qh5 g6 25. Qh6 Rxe2 26. Nxg6+ 1-0

[Event "Quebec op"]
[Site "Montreal CAN"]
[Date "2013.07.21"]
[Round "2"]
[White "Nunez, Omar"]
[Black "Khashper, Arkady"]
[Result "1/2-1/2"]
[WhiteElo "2022"]
[BlackElo "2121"]
[PlyCount "49"]
[GameId "2160767909296944"]
[EventDate "2013.07.21"]
[EventType "swiss"]
[EventRounds "9"]
[EventCountry "CAN"]
[SourceTitle "hb 2013"]

1. Nf3 Nf6 2. g3 c5 3. Bg2 Nc6 4. O-O d5 5. d3 g6 6. Nbd2 Bg7 7. e4 O-O 8. Re1 Qc7 9. exd5 Nxd5 10. Ne4 b6 11. Nfg5 Rd8 12. c3 h6 13. Nf3 Ba6 14. Qc2 Rd7 15. a3 Rad8 16. Bf1 Kh7 17. c4 Nf6 18. Bf4 Qc8 19. Rad1 Bb7 20. Bh3 e6 21. Bxh6 Kxh6 22. Neg5 Nd4 23. Nxd4 Rxd4 24. Nxf7+ Kh7 25. Ng5+ 1/2-1/2

[Event "Quebec op"]
[Site "Montreal CAN"]
[Date "2013.07.21"]
[Round "2"]
[White "Piasetski, Leon"]
[Black "Tomb, Maroun"]
[Result "1-0"]
[WhiteElo "2279"]
[BlackElo "2133"]
[PlyCount "71"]
[GameId "2160767909296945"]
[EventDate "2013.07.21"]
[EventType "swiss"]
[EventRounds "9"]
[EventCountry "CAN"]
[SourceTitle "EXT 2014"]
[Source "ChessBase"]
[SourceDate "2013.11.20"]
[SourceVersion "1"]
[SourceVersionDate "2013.11.20"]
[SourceQuality "1"]

1. Nf3 Nf6 2. c4 c5 3. Nc3 Nc6 4. d4 cxd4 5. Nxd4 g6 6. e4 Bg7 7. Be3 Ng4 8. Qxg4 Nxd4 9. Qd1 Ne6 10. Rc1 Qa5 11. Qd2 b6 12. b3 Bb7 13. Nd5 Qxd2+ 14. Kxd2 Rc8 15. f3 Nd4 16. Bd3 e6 17. Nc3 Ke7 18. Rhd1 Nc6 19. Bb1 Rhd8 20. Ke1 d6 21. Kf2 h6 22. Nb5 g5 23. g3 Rd7 24. Rc2 Rcd8 25. Re2 Ba6 26. a4 Bxb5 27. axb5 Nb4 28. f4 gxf4 29. gxf4 Kf8 30. Kf3 d5 31. exd5 exd5 32. c5 d4 33. c6 Rd5 34. Bd2 Rxb5 35. c7 Rc8 36. Rde1 1-0